Chapman Library

Social Psychology of the self-concept (Record no. 1345)

000 -LEADER
fixed length control field 00307nam a22001217a 4500
050 ## - LIBRARY OF CONGRESS CALL NUMBER
Classification number HM251
100 ## - MAIN ENTRY--AUTHOR NAME
Personal name MORRIS Rosenberg and Howard Kaplan B.
245 ## - TITLE STATEMENT
Title Social Psychology of the self-concept
260 ## - PUBLICATION, DISTRIBUTION, ETC. (IMPRINT)
Place of publication Illinous
Name of publisher Harlan Daridson Inc.
Year of publication 1982
300 ## - PHYSICAL DESCRIPTION
Number of Pages 557p
942 ## - ADDED ENTRY ELEMENTS (KOHA)
Koha item type Books
988 ## - PAGINATION/EXTENT
PAGINATION/EXTENT xv,557p.;index
Holdings
Koha item type Collection code Accession Number Permanent Location Current Location Date acquired Full call number
BooksLending2579Chapman LibraryChapman Library2017-02-03HM251soc


CSUC Chapman Library is a Koha Automated Library.


Contact us: library@csuc.edu.gh.